000 00713nam a2200253Ia 4500
003 OSt
005 20221007064517.0
006 a|||||r|||| 00| 0
007 ta
008 221006b |||||||| |||| 00| 0 eng d
024 _a2,793
037 _cTextual
040 _aFLL
_cFLL
_beng
041 _2eng
_aeng
082 _aZ2,2674, P1
100 _aKoul A.K. Ed.
_9685895
245 0 _aLaw of copyritght
_b From gutenberg's invention to internet
250 _a1st
260 _aDelhi
_bFaculty Of Law India
_c2001
650 _aLaw of copyritght
_9685896
700 _a Ahuja V.K. Ed.
942 _hZ2,2674, P1
_cTEXL
_2CC
999 _c1134299
_d1134299